000 01067cam a2200289 i 4500
001 18158555
003 NUST - PNEC
005 20170116180819.0
008 140521s2014 maua b 001 0 eng
010 _a 2014007225
020 _a9780262526685 (pbk. : alk. paper)
040 _aDLC
_beng
_cLIBRARY
_erda
_dDLC
042 _apcc
050 0 0 _aTJ267
_b.W47 2014
082 0 0 _a621.433 WIL
_223
100 1 _aWilson, David Gordon,
_d1928-
245 1 4 _aThe design of high-efficiency turbomachinery and gas turbines /
_cDavid Gordon Wilson and Theodosios Korakianitis.
250 _aSecond edition, with a new preface.
300 _axxix, 593 pages :
_billustrations ;
_c23 cm
504 _aIncludes bibliographical references and index.
650 0 _aTurbomachines
_xDesign and construction.
_xME
650 0 _aGas-turbines
_xDesign and construction.
700 1 _aKorakianitis, Theodosios.
906 _a7
_bcbc
_corignew
_d1
_eecip
_f20
_gy-gencatlg
942 _2ddc
_cBK
999 _c63641
_d63641